<?xml version="1.0" encoding="UTF-8"?>
<record
    xmlns:xsi="http://www.w3.org/2001/XMLSchema-instance"
    xsi:schemaLocation="http://www.loc.gov/MARC21/slim http://www.loc.gov/standards/marcxml/schema/MARC21slim.xsd"
    xmlns="http://www.loc.gov/MARC21/slim">

  <leader>01413nam a2200205 a 4500</leader>
  <controlfield tag="008">190916s20      ag ||||gr|||| 000 f spa d</controlfield>
  <datafield tag="020" ind1=" " ind2=" ">
    <subfield code="a">9789504936701</subfield>
  </datafield>
  <datafield tag="041" ind1=" " ind2=" ">
    <subfield code="a">spa</subfield>
  </datafield>
  <datafield tag="092" ind1=" " ind2=" ">
    <subfield code="c">808</subfield>
    <subfield code="l">26</subfield>
    <subfield code="s">FON</subfield>
  </datafield>
  <datafield tag="100" ind1="1" ind2=" ">
    <subfield code="a">Fontanarrosa, Roberto.</subfield>
    <subfield code="9">4089</subfield>
  </datafield>
  <datafield tag="245" ind1=" " ind2=" ">
    <subfield code="a">No s&#xE9; si he sido claro y otros cuentos /</subfield>
    <subfield code="c">Roberto Fontanarrosa.</subfield>
  </datafield>
  <datafield tag="250" ind1=" " ind2=" ">
    <subfield code="a">2a ed.</subfield>
  </datafield>
  <datafield tag="260" ind1=" " ind2=" ">
    <subfield code="a">Buenos Aires:</subfield>
    <subfield code="b">Planeta;</subfield>
    <subfield code="c">2015.</subfield>
  </datafield>
  <datafield tag="300" ind1=" " ind2=" ">
    <subfield code="a">264 p.</subfield>
    <subfield code="b">21x13cm</subfield>
  </datafield>
  <datafield tag="500" ind1=" " ind2=" ">
    <subfield code="a">Fontanarrosa, R. (2015). No se si he sido claro y otros cuentos. (2a ed.). Buenos Aires : Planeta.</subfield>
  </datafield>
  <datafield tag="505" ind1=" " ind2=" ">
    <subfield code="a">"Esa vez que Gardel vino a Rosario fuimos a verlo con mi amigo el Flaco Octavio, mam&#xE1; y el t&#xED;o Eugenio, al t&#xED;o hubo que insistirle bastante para convencerlo. &#xC9;l dec&#xED;a que le gustaba mucho la m&#xFA;sica,pero siempre hab&#xED;a que rogarle para cualquier cosa. Era una de esas personas que se complac&#xED;an en que le insistieran". "Te digo m&#xE1;s", "Ustedes no me lo va a creer", "No s&#xE9; si he sido claro" son expresiones diarias que se repiten una y otra vez. y fue "el Negro" quien logr&#xF3; captar, como ning&#xFA;n otro, con humildad y maestr&#xED;a, el sentimiento popular frente a las cinco cosas a las que pareciera reducirse la vida: el amor, la amistad, la pasi&#xF3;n, la locura y la muerte. No s&#xE9; si he sido claro y otros cuentos es el segundo libro de relatos de Fontanarrosa. </subfield>
  </datafield>
  <datafield tag="590" ind1=" " ind2=" ">
    <subfield code="a">Donaci&#xF3;n septiembre 2019.</subfield>
  </datafield>
  <datafield tag="655" ind1=" " ind2=" ">
    <subfield code="a">Literatura</subfield>
    <subfield code="9">2917</subfield>
  </datafield>
  <datafield tag="942" ind1=" " ind2=" ">
    <subfield code="2">ddc</subfield>
    <subfield code="c">LIT</subfield>
  </datafield>
  <datafield tag="999" ind1=" " ind2=" ">
    <subfield code="c">3045</subfield>
    <subfield code="d">3045</subfield>
  </datafield>
  <datafield tag="952" ind1=" " ind2=" ">
    <subfield code="0">0</subfield>
    <subfield code="1">0</subfield>
    <subfield code="2">ddc</subfield>
    <subfield code="4">0</subfield>
    <subfield code="7">0</subfield>
    <subfield code="a">BFM</subfield>
    <subfield code="b">BFM</subfield>
    <subfield code="c">CR</subfield>
    <subfield code="d">2019-09-16</subfield>
    <subfield code="e">Donaci&#xF3;n septiembre 2019.</subfield>
    <subfield code="l">0</subfield>
    <subfield code="o">808 26 FON</subfield>
    <subfield code="p">4578</subfield>
    <subfield code="r">2019-09-16</subfield>
    <subfield code="t">Ej. 1</subfield>
    <subfield code="w">2019-09-16</subfield>
    <subfield code="y">LIT</subfield>
    <subfield code="z">Proyecto 4to libro Donaci&#xF3;n . Septiembre 2019.</subfield>
  </datafield>
</record>
